000 00584nam a22001937a 4500
999 _c7574
_d7574
003 OSt
005 20211207131410.0
008 211207b ||||| |||| 00| 0 eng d
020 _a9780136108863
040 _cDDC
082 _a657.48 FIN 2014
100 _aWalter T. Harrison; Charles T. Horngren; C. William (Bill) Thomas
_915495
245 _aFinancial Accounting:
_bInternational Financial Reporting Standards.
300 _axxxiv,850p.:
_bill;
_c27cm.
504 _aIncludes index.
650 _aAccounting.
_91379
650 _aFinancial Accounting.
_95655
942 _2ddc
_cBOOK